| 000 | 00647nam a2200241Ia 4500 | ||
|---|---|---|---|
| 003 | OSt | ||
| 005 | 20220918221305.0 | ||
| 006 | a|||||r|||| 00| 0 | ||
| 007 | ta | ||
| 008 | 220917b |||||||| |||| 00| 0 eng d | ||
| 024 | _a149,201 | ||
| 037 | _cTextual | ||
| 040 |
_aARTS _cARTS _beng |
||
| 041 |
_2eng _aeng |
||
| 082 | _aT:845.73.N5, J6 | ||
| 100 |
_aMiller Franklin A _9139929 |
||
| 245 | 0 | _aPlanning student activities | |
| 260 | _c1956 | ||
| 490 | _aPrentice-Hall education series, ed by Harold Spears | ||
| 650 | _aEDUCATION | ||
| 942 |
_hT:845.73.N5, J6 _cTEXL _2CC |
||
| 999 |
_c271870 _d271870 |
||